| 000 | 00386nam a2200133 4500 | ||
|---|---|---|---|
| 999 |
_c2478 _d2478 |
||
| 008 | 200305b ||||| |||| 00| 0 eng d | ||
| 082 | 0 | 0 |
_a620.00212 _bR353 |
| 245 | 1 | 0 |
_aMathematical tables and engineering formulae / _cCompiled by David M. Reid |
| 260 |
_aLondon _bReed _c1974 |
||
| 300 | _a146 p. | ||
| 650 | 0 | _aMathematics | |
| 700 |
_aReid, David M. _ecompiler _92070 |
||
| 942 |
_2ddc _cBK |
||